La educación postmoderna
Uloženo v:
| Hlavní autoři: | , |
|---|---|
| Médium: | Kniha |
| Jazyk: | španělština |
| Vydáno: |
Madrid
Popular
2006
|
| Edice: | Proa
|
| Témata: | |
| Tagy: |
Přidat tag
Žádné tagy, Buďte první, kdo vytvoří štítek k tomuto záznamu!
|
MARC
| LEADER | 00000nam a2200000 a 4500 | ||
|---|---|---|---|
| 001 | UCI3996 | ||
| 003 | CL-VaPUC | ||
| 008 | 071214e20060000SP |||||||||||||||||spa|d | ||
| 020 | |a 8478843221 | ||
| 082 | 0 | 4 | |a 370.11 |b POU |2 21 |
| 100 | 0 | |a Pourtois, Jean Pierre |e author |9 525590 | |
| 700 | 0 | |a Desmet, Huguette |e author |9 525591 | |
| 245 | 1 | 3 | |a La educación postmoderna |
| 300 | |a 303 p | ||
| 942 | |c BK | ||
| 945 | |d 20071214 00:00:00 |a rbrito | ||
| 260 | |a Madrid |b Popular |c 2006 | ||
| 650 | 0 | |a Sistema educativo |9 382897 | |
| 650 | 0 | |a Innovaciones pedagógicas |9 307471 | |
| 650 | 0 | |a Sociología de la educación |9 260380 | |
| 583 | |a last modification |c 20160914 11:02:27 |k Rodrigo Vera | ||
| 490 | 0 | |a Proa | |
| 999 | |c 328002 |d 328000 | ||
| 952 | |0 0 |1 0 |4 0 |6 370_110000000000000_POU_2006 |7 0 |8 A |9 411640 |a BIBEDU |b BIBEDU |d 2019-11-22 |i 4395387 |o 370.11 POU 2006 |p 4395387 |r 2019-11-22 |w 2019-11-22 |y BK |k EPE | ||